000 00464nam a2200145 a 4500
008 120416s0000 ||||||||||||||||| || u
020 _a0718124421
050 _aPS 3552.I76A9
100 _aBirmingham, Stephen
245 1 4 _aThe Auerbach will
260 _aLondon
_bMicheal Joseph
_c1983
300 _a430p.
350 _a0.00
995 _D0.00
_FCBU-MAIN LIBRARY (Kitwe)
_H1
_I9.95
_M1
_UAVAILABLE
_ZFiction Collection
999 _c35319
_d35319